| 000 | 00448nam a22001337a 4500 | ||
|---|---|---|---|
| 005 | 20241105223754.0 | ||
| 008 | 241105b |||||||| |||| 00| 0 eng d | ||
| 245 | _aThe Ghana Law Reports 1976 Vol. 2 | ||
| 260 |
_aAccra, Ghana _bCouncil for Law Reporting _c1976 |
||
| 300 |
_axxxvi, 531 pages _c25 cm |
||
| 500 | _aCases determined by the High Court and the Court of Appeal in the Republic of Ghana. | ||
| 650 |
_2Law Reports _xGhana |
||
| 942 |
_2lcc _cBK _n0 |
||
| 999 |
_c665 _d665 |
||